Normal view MARC view
  • MOGLI, G.D

Entry Personal Name

Number of records used in: 1

001 - CONTROL NUMBER

  • control field: 8678

003 - CONTROL NUMBER IDENTIFIER

  • control field: JRU

005 - DATE AND TIME OF LATEST TRANSACTION

  • control field: 20250909160259.0

008 - FIXED-LENGTH DATA ELEMENTS

  • fixed length control field: 250909|| aca||aabn | a|a d

040 ## - CATALOGING SOURCE

  • Original cataloging agency: JRU
  • Transcribing agency: JRU

100 ## - HEADING--PERSONAL NAME

  • Personal name: MOGLI, G.D

670 ## - SOURCE DATA FOUND

  • Source citation: Work cat.: (JRU)8808: MOGLI, G.D., MEDICAL RECOEDS ORGANIZATION AND MANGEMENT : GUIDE TO HEALTH RECORDS , SOFTWARE INSURENCE AND LEGAL MANAGEMENT [ 2ND ED. ], 2016